Click the Southall Song Title Ending - Statistics

General Stats
  • This quiz has been taken 42 times
  • The average score is 10 of 17
Answer Stats
Hint Answer % Correct
Don't Tell Me
100%
Out of my Mind
96%
All I Have
93%
Right or Wrong
85%
Stickin' n' Movin'
81%
Ain't Ever Gonna Change
70%
Beautiful Eyes
59%
Time to Kill
59%
Clean Slate
59%
Moon and Back
52%
Keystone Clan
52%
Rose Gold
52%
For the Birds
44%
Wilder than the Rest
41%
Light on my Hands
30%
Out Alive
26%
Scared Money
26%
No matching quizzes found
Score Distribution
Percent of People with Each Score
Percentile by Number Answered
Your Score History
You have not taken this quiz